Building Construction (Record no. 31151)
[ view plain ]
| 000 -LEADER | |
|---|---|
| fixed length control field | 00361nam a22001577a 4500 |
| 003 - CONTROL NUMBER IDENTIFIER | |
| control field | OSt |
| 005 - DATE AND TIME OF LATEST TRANSACTION | |
| control field | 20220222093225.0 |
| 008 - FIXED-LENGTH DATA ELEMENTS--GENERAL INFORMATION | |
| fixed length control field | 220222b |||||||| |||| 00| 0 eng d |
| 020 ## - INTERNATIONAL STANDARD BOOK NUMBER | |
| International Standard Book Number | 8170080533 |
| 040 ## - CATALOGING SOURCE | |
| Transcribing agency | H.U |
| 082 ## - DEWEY DECIMAL CLASSIFICATION NUMBER | |
| Classification number | 690.023 |
| 100 ## - MAIN ENTRY--PERSONAL NAME | |
| Personal name | Punmia |
| 9 (RLIN) | 13525 |
| 245 ## - TITLE STATEMENT | |
| Title | Building Construction |
| 260 ## - PUBLICATION, DISTRIBUTION, ETC. | |
| Place of publication, distribution, etc. | New Delhi |
| Name of publisher, distributor, etc. | Laxmi |
| Date of publication, distribution, etc. | 1993 |
| 942 ## - ADDED ENTRY ELEMENTS (KOHA) | |
| Source of classification or shelving scheme | Dewey Decimal Classification |
| Koha item type | Books like text book referance book |
| Suppress in OPAC | No |
| Withdrawn status | Lost status | Source of classification or shelving scheme | Damaged status | Not for loan | Home library | Current library | Shelving location | Date acquired | Total Checkouts | Full call number | Barcode | Date last seen | Copy number | Price effective from | Koha item type |
|---|---|---|---|---|---|---|---|---|---|---|---|---|---|---|---|
| Dewey Decimal Classification | IoT Library | IoT Library | General Stacks | 02/22/2022 | 690.023/PUN/1993 | IOTL0015127 | 02/22/2022 | 1 | 02/22/2022 | Books like text book referance book | |||||
| Dewey Decimal Classification | IoT Library | IoT Library | General Stacks | 02/22/2022 | 690.023/PUN/1993 | IOTL0015128 | 02/22/2022 | 2 | 02/22/2022 | Books like text book referance book | |||||
| Dewey Decimal Classification | IoT Library | IoT Library | General Stacks | 02/22/2022 | 690.023/PUN/1993 | IOTL0015129 | 02/22/2022 | 3 | 02/22/2022 | Books like text book referance book | |||||
| Dewey Decimal Classification | IoT Library | IoT Library | General Stacks | 02/22/2022 | 690.023/PUN/1993 | IOTL0015130 | 02/22/2022 | 4 | 02/22/2022 | Books like text book referance book | |||||
| Dewey Decimal Classification | IoT Library | IoT Library | General Stacks | 02/22/2022 | 690.023/PUN/1993 | IOTL0015131 | 02/22/2022 | 5 | 02/22/2022 | Books like text book referance book | |||||
| Dewey Decimal Classification | IoT Library | IoT Library | General Stacks | 02/22/2022 | 690.023/PUN/1993 | IOTL0015132 | 02/22/2022 | 6 | 02/22/2022 | Books like text book referance book | |||||
| Dewey Decimal Classification | IoT Library | IoT Library | General Stacks | 02/22/2022 | 690.023/PUN/1993 | IOTL0015133 | 02/22/2022 | 7 | 02/22/2022 | Books like text book referance book |